Azərbaycan tarixi 5.0 - Statistics

General Stats
  • This quiz has been taken 10 times
  • The average score is 8 of 20
Answer Stats
Sual Cavab % Correct
Əslən dağ yəhudisi olan Azərbaycanın Milli Qəhrəmanı Albert Aqarunov
80%
Azərbaycanın ilk satirik jurnalı Molla Nəsrəddin
80%
Şuşa şəhərinin çiçək simvolu Xarıbülbül
80%
Azərbaycanın ilk rabitə peyki Azerspace-1
60%
"İçərişəhər" metrostansiyasının keçmiş adı Bakı Soveti
60%
"Bayatılar" mahnısının bəstəkarı Eldar Mansurov
60%
2019 Dünya Şahmat Kubokunun qalibi Teymur Rəcəbov
60%
"Qafqaz günləri" romanının müəllifi Banin
40%
Üçüncü Reyxin Qafqazı zəbt etmək planı {Edelveys} əməliyyatı
40%
Bu şəhərdə "Araz axar lil ilə" Laçın
40%
Qafqazın ilk canişini Mixail Vorontsov
40%
Mirzə Ələkbər Sabirin müəllimi Seyid Əzim Şirvani
40%
Sərsəng su anbarının yerləşdiyi rayon Ağdərə rayonu
20%
Xəlil Rza Ulutürkün Moskvada saxlandığı həbsxana {Lefortovo} həbsxanası
20%
Abbasqulu ağa Bakıxanovun təxəllüsü Qüdsi
20%
Həmidə Ömərovanın apardığı film verilişi Retro
20%
"Hökmdarın taleyi", "Park" və "Təhminə" filmlərində iştirak etmiş aktyor Fəxrəddin Manafov
0%
Toğrul Nərimanbəyovun vəfat etdiyi şəhər Paris
0%
Brandenburq qapısı üzərində Sovet bayrağını dalğalandırmışdır Rəşid Məcidov
0%
Rixard Zorgenin doğulduğu Bakı qəsəbəsi Sabunçu
0%
No matching quizzes found
Score Distribution
Percent of People with Each Score
Percentile by Number Answered
Your Score History
You have not taken this quiz